Die reformatorischen Bewegungen und der Krieg
| Autor principal: | |
|---|---|
| Tipo de documento: | Recurso Electrónico Artigo |
| Idioma: | Alemão |
| Verificar disponibilidade: | HBZ Gateway |
| Interlibrary Loan: | Interlibrary Loan for the Fachinformationsdienste (Specialized Information Services in Germany) |
| Publicado em: |
2015
|
| Em: |
EPD-Dokumentation
Ano: 2015, Volume: 4, Páginas: 22-30 |
| Acesso em linha: |
Volltext (kostenfrei) Volltext (kostenfrei) Volltext (lizenzpflichtig) |
| Rights Information: | InC 1.0 |
MARC
| LEADER | 00000caa a22000002c 4500 | ||
|---|---|---|---|
| 001 | 816998035 | ||
| 003 | DE-627 | ||
| 005 | 20240704095815.0 | ||
| 007 | cr uuu---uuuuu | ||
| 008 | 150202s2015 xx |||||o 00| ||ger c | ||
| 024 | 7 | |a 10.15496/publikation-91034 |2 doi | |
| 024 | 7 | |a 10900/149694 |2 hdl | |
| 035 | |a (DE-627)816998035 | ||
| 035 | |a (DE-576)9816998033 | ||
| 035 | |a (DE-599)GBV816998035 | ||
| 040 | |a DE-627 |b ger |c DE-627 |e rakwb | ||
| 041 | |a ger | ||
| 084 | |a 1 |2 ssgn | ||
| 100 | 1 | |e VerfasserIn |0 (DE-588)101643068X |0 (DE-627)671320734 |0 (DE-576)179584510 |4 aut |a Stengel, Friedemann |d 1966- | |
| 109 | |a Stengel, Friedemann 1966- | ||
| 245 | 1 | 4 | |a Die reformatorischen Bewegungen und der Krieg |c Friedemann Stengel |
| 264 | 1 | |c 2015 | |
| 336 | |a Text |b txt |2 rdacontent | ||
| 337 | |a Computermedien |b c |2 rdamedia | ||
| 338 | |a Online-Ressource |b cr |2 rdacarrier | ||
| 540 | |q DE-Tue135 |a Urheberrechtsschutz 1.0 |2 rs |u http://rightsstatements.org/vocab/InC/1.0 | ||
| 601 | |a Reformator | ||
| 773 | 0 | 8 | |i In |a Evangelischer Pressedienst |t EPD-Dokumentation |d Frankfurt, M. : [Verlag nicht ermittelbar], 2001 |g 4(2015), Seite 22-30 |h Online-Ressource |w (DE-627)550214518 |w (DE-600)2396224-0 |w (DE-576)338520414 |x 1619-5809 |7 nnas |
| 773 | 1 | 8 | |g volume:4 |g year:2015 |g pages:22-30 |
| 856 | 4 | 0 | |u http://hdl.handle.net/10900/149694 |x Resolving-System |x Digitalisierung |z kostenfrei |3 Volltext |7 0 |
| 856 | 4 | 0 | |u http://dx.doi.org/10.15496/publikation-91034 |x Resolving-System |x Digitalisierung |z kostenfrei |3 Volltext |7 0 |
| 856 | 4 | 0 | |u http://www.epd-archiv.de/index.php |q text/html |x Resolving-System |z lizenzpflichtig |3 Volltext |7 1 |
| 951 | |a AR | ||
| ELC | |a 1 | ||
| LOK | |0 000 xxxxxcx a22 zn 4500 | ||
| LOK | |0 001 4403620078 | ||
| LOK | |0 003 DE-627 | ||
| LOK | |0 004 816998035 | ||
| LOK | |0 005 20231107111510 | ||
| LOK | |0 008 231107||||||||||||||||ger||||||| | ||
| LOK | |0 040 |a DE-Tue135 |c DE-627 |d DE-Tue135 | ||
| LOK | |0 092 |o n | ||
| LOK | |0 852 |a DE-Tue135 | ||
| LOK | |0 852 1 |9 00 | ||
| LOK | |0 866 |x #058 | ||
| LOK | |0 935 |a ixzs |a ixzw | ||
| LOK | |0 939 |a 07-11-23 |b l01 | ||
| OAS | |a 1 | ||
| ORI | |a SA-MARC-ixtheoa001.raw | ||